[Event "Dubrovnik Advent op"]
[Site "Dubrovnik"]
[Date "2023.12.01"]
[Round "2"]
[White "Rozic, Slaven"]
[Black "Gulin, Ante"]
[Result "1-0"]
[WhiteElo "2073"]
[BlackElo "1814"]
[PlyCount "63"]
[EventDate "2023.12.01"]
[EventType "swiss"]
[EventRounds "6"]
[EventCountry "CRO"]
[SourceTitle "CB49_2023"]
[SourceDate "2023.12.06"]
[SourceVersion "1"]
[SourceVersionDate "2023.12.06"]
[SourceQuality "1"]

1. d4 e6 2. c4 c5 3. d5 exd5 4. cxd5 d6 5. Nc3 a6 6. a4 Bf5 7. e4 Qe7 8. Qe2 Bg6 9. g3 Nd7 10. Bg2 Ngf6 11. Nh3 Bh5 12. f3 h6 13. Nf4 Bg6 14. Nxg6 fxg6 15. 0-0 Qe5 16. Be3 g5 17. Bh3 Be7 18. Bf5 Ng8 19. Rad1 Qf6 20. f4 g4 21. Qxg4 0-0-0 22. e5 Qf8 23. Ne4 Kc7 24. Rc1 b6 25. a5 b5 26. Bxd7 Rxd7 27. exd6+ Bxd6 28. Bxc5 Bxc5+ 29. Nxc5 Qd6 30. Nxd7+ Kd8 31. Qxg7 Qxd5 32. Rfd1 1-0